| 000 | 00000nam 2200000zi 4500 |
| 001 | 9.947495 |
| 003 | CaOODSP |
| 005 | 20250130114533 |
| 006 | m o d f |
| 007 | cr bn||||||||| |
| 008 | 250129e197301 oncd ob f000 0 eng d |
| 040 | |aCaOODSP|beng|erda|cCaOODSP |
| 043 | |an-cn--- |
| 086 | 1 |aDR52-19/6-1973E-PDF |
| 100 | 1 |aForshaw, S. E., |eauthor. |
| 245 | 12|aA statistical survey of the hearing categories of Canadian Forces personnel / |cS. E. Forshaw. |
| 264 | 1|aDownsview, Ontario : |bDefence and Civil Institute of Environmental Medicine : |bDefence Research Board, Department of National Defence, Canada, |cJanuary 1973 |
| 300 | |a1 online resource (v, 54 pages) : |bgraphs. |
| 336 | |atext|btxt|2rdacontent |
| 337 | |acomputer|bc|2rdamedia |
| 338 | |aonline resource|bcr|2rdacarrier |
| 490 | 1 |aDCIEM report ; |vno. 876 |
| 500 | |aDigitized edition from print [produced by Defence R&D Canada]. |
| 504 | |aIncludes bibliographical references (page 13). |
| 610 | 10|aCanada. |bCanadian Armed Forces |xEmployees|xHealth risk assessment. |
| 610 | 16|aCanada. |bForces armées canadiennes |xPersonnel|xRisques pour la santé|xÉvaluation. |
| 650 | 0|aNoise|xPhysiological effect|zCanada. |
| 650 | 6|aBruit|xEffets physiologiques|zCanada. |
| 710 | 2 |aDefence and Civil Institute of Environmental Medicine (Canada), |eissuing body. |
| 710 | 1 |aCanada. |bDefence Research Board, |eissuing body. |
| 710 | 1 |aCanada. |bDepartment of National Defence, |eissuing body. |
| 830 | #0|aDCIEM report ;|vno. 876.|w(CaOODSP)9.941842 |
| 856 | 40|qPDF|s1.43 MB|uhttps://publications.gc.ca/collections/collection_2025/rddc-drdc/DR52-19-6-1973-eng.pdf |